LEADER 00939nam a2200265 i 4500 001 000000157947 003 CaOOAMICUS 005 20240408125709.0 008 070124s1984 it u000 u ita u 013 $a135310 040 $aSeMil$bita 100 1 $aCalcagno, Giorgio.$0(OLS)http://semarc/name/55577 245 13$aIl vangelo secondo gli altri /$cGiorgio Calcagno. 260 $aMilano :$bRusconi,$c1984. 300 $a172 p. ;$c22 cm. 490 0 $aDimensione religiosa 500 $aFondo Card. Giovanni Colombo. 830 0$aDimensione religiosa.$0(OLS)http://semarc/title/7299 850 $aSeMil 852 $aSeMil$W1$xVenegono$y1$m1O III 142$j109621$B109621$CSeMilBibl$Z2$F119233 $81 941 1 $a3 961 $aLascito: Colombo Card. Giovanni 996 $6245$aIl vangelo secondo gli altri$9(OLS)http://semarc/title/231728 996 $6260$aMilano :$bRusconi$9(OLS)http://semarc/publisher/30258 LEADER 01081nam a2200253 i 4500 001 000000237707 003 CaOOAMICUS 005 20220325153240.0 008 150108s1956 it u000 u ita u 013 $a216612 040 $aSeMil$bita 100 1 $aZammaretti, Aquilino.$0(OLS)http://semarc/name/12676 245 12$aL'abbazia di S. Eusebio in Cannobio ed i suoi rapporti con il Capitolo e il Borgo /$cAquilino Zammaretti. 264 1$aNovara :$bS.T.E.C.,$c1956. 300 $a7 p. ;$c23 cm. 541 0 $aFondo card. Giovanni Colombo (3GC VIII 216/16) 650 4$aCannobio - Abbazia vallombrosana di Sant'Eusebio.$0(OLS)http://semarc/subject/51964 850 $aSeMil 852 $aSeMil$W1$xVenegono$y1$m3GC VIII 216/16$j188053$B188053$CSeMilBibl$Z2$F206912 $8B 941 1 $a3 961 $aLascito: Colombo Card. Giovanni 996 $6245$aL'abbazia di S. Eusebio in Cannobio ed i suoi rapporti con il Capitolo e il Borgo$9(OLS)http://semarc/title/338841 996 $6264$aNovara :$bS.T.E.C.$9(OLS)http://semarc/publisher/54316